Statistiques concernant Éléphant - Culture Générale

Cliquez ici pour prendre le quiz!

Statistiques générales

  • Ce quiz a été pris 8 981 fois
  • Le résultat moyen est 13 sur 20

Statistiques - réponses

QuestionRéponse% Correct
Éléphant fictif pouvant voler grâce à ses oreilles géantesDumbo
97%
Partie du corps de l'éléphant, comportant plus de 100 000 muscles, pesant plus de
100 kg, leur servant à se nourrir et s'abreuver
Trompe
96%
Nom attribué au bébé de l'éléphantÉléphanteau
93%
Selon la légende, les éléphants auraient une peur bleue de ce petit animalSouris
93%
Cousin de l'éléphant, qui a vécu dans des climats froids avant de s'éteindre vers -1650Mammouth
90%
Pays possédant la plus grande population d'éléphants d'AsieInde
88%
Précieux matériau blanc fabriqué, entre autre, à partir de défenses d'éléphantsIvoire
86%
Substance que les éléphants utilisent pour protéger leur peau du soleilBoue
75%
Qu'est ce qui dure 600 jours chez les éléphants - plus longtemps que chez n'importe quel animal?Temps de Gestation
75%
Plus imposant membre de la famille des phoques, possédant un nez en forme de trompeÉléphant {de} {mer}
72%
Parti politique américain représenté par un éléphantLe Parti Républicain
65%
Pays qui possède le plus d'éléphants sauvagesB{otswana}
61%
Héros et éléphant de fiction de littérature jeunesse, d'origine française, apparu en 1931Babar
55%
Général, originaire de Carthage, qui a utilisé des éléphants au combat contre les RomainsHannibal
43%
Contrairement à la plupart des mammifères, les éléphants en sont incapablesSauter
36%
Dieu hindou reconnaissable à sa tête d'éléphantGanesh
33%
Les Oliphants ou aussi appelés Mûmaks, sont des créatures fantastiques inspirées de l'éléphant présentes dans cette série de livres et de filmsLe Seigneur des Anneaux
33%
Aliment dont les éléphants raffoleraientCacahuète
26%
Type d'éléphant vénéré en ThaïlandeÉléphant {blanc}
25%
↳On retrouve ce matériau, sous forme de fossile, en abondance dans cette région géographiqueSibérie
9%

Distribution des résultats

Percentile par nombre de réponses

% des personnes avec chaque résultat

Votre développement - résultats

Vous n’avez pas pris ce quiz